000
00343nam a22001337a 4500
003
SGT
020
_a
9789355625359
082
_a
891.4309
_b
N24B
100
_a
वाजपयी, सुमन
245
_a
द नागा स्टोरी
260
_b
प्रभात प्रकाशन
_c
2024
300
_a
183
942
_2
ddc
_c
BK
999
_c
32061
_d
32061